00457nam a2200169Ia 4500003000400000008004100004020001500045040001600060082001300076100002300089245004900112260004700161300002100208650001300229650001800242650002700260GCL140319s9999 xx 000 0 ara d a2226054448 aGCL / cGCL04a920bP F1 aPARFENOFF, THIERRY10aLES FIANCES DE BAGDAD / cPARFENOFF, THIERRY aفرنسا : bALBIN MICHEL, S.A ، c1989 a24 CM ؛ c230 P04aGULF WAR04aAUTOBIOGRAPHY04aBAGDAD - HISTORY, 1991